000 00328 a2200121 4500
005 20250318090615.0
082 _a380 MBU
100 _aMBURA, O. K.
245 _aManual On The Principles and Practice of Commerce in Tanzania
260 _aDar es salaam,
_bDr Mbura, O.K,
_c2000.
300 _a132p.: ill.;
_c29cm.
942 _2ddc
_cBKS
999 _c872
_d872